000 00613nam a2200241Ia 4500
003 OSt
005 20220918192837.0
006 a|||||r|||| 00| 0
007 ta
008 220917b |||||||| |||| 00| 0 eng d
024 _a70,699
037 _cTextual
040 _aARTS
_cARTS
_beng
041 _2eng
_aeng
082 _aR4xM18:g, M5
100 _aLukes Steven
_980433
245 0 _aMarxism and morality
260 _aOxford
_bClarendon Press
_c1965
300 _axiii,163p.
_ccm.
650 _aETHICS
942 _hR4xM18:g, M5
_cTEXL
_2CC
999 _c196792
_d196792